Applied Statistics II: Multivariable and Multivariate Techniques - Third Edition /
Guardado en:
| Autor principal: | |
|---|---|
| Formato: | Libro |
| Lenguaje: | inglés |
| Publicado: |
London:
SAGE,
2021
|
| Edición: | 3. vyd. |
| Colección: | International Student Edition
|
| Materias: | |
| Etiquetas: |
Sin Etiquetas, Sea el primero en etiquetar este registro!
|
MARC
| LEADER | 00000nam a22000003a 4500 | ||
|---|---|---|---|
| 001 | 0094026 | ||
| 003 | SK-STU | ||
| 005 | 20220216151208.5 | ||
| 007 | ta | ||
| 008 | 220216s ----xo-----e------000-0-----d | ||
| 020 | |a 978-1-0718-0771-2 | ||
| 040 | |a STU |b slo | ||
| 041 | 0 | |a eng |h eng | |
| 044 | |a xxk | ||
| 100 | 1 | |a Warner, Rebecca M. |4 aut |r Z6 | |
| 245 | 1 | 0 | |a Applied Statistics II: |b Multivariable and Multivariate Techniques - Third Edition / |c aut. Rebecca M Warner |
| 250 | |a 3. vyd. | ||
| 260 | |a London: |b SAGE, |c 2021 | ||
| 300 | |a 682 s. | ||
| 490 | 0 | |a International Student Edition | |
| 650 | 0 | 7 | |a statistics |
| 650 | 0 | 7 | |a statistical control |
| 650 | 0 | 7 | |a multiple regression |
| 996 | |c V* 53339/O-24499 |l VV11 |s P |a 0 |w 0094026_0001 | ||